Knowledge-based economy: a challenge for Slovakia

Nový strategický cieľ pre Európsku úniu stanovený na zasadnutí Európskej rady v Lisabone v roku 2000. Dosiahnutie stanovených cieľov v oblasti vzdelávania a v oblasti vedy a techniky. Plnenie cieľov Lisabonskej stratégie v podmienkach Slovenskej republiky. Národná lisabonská stratégia.

Salvato in:
Dettagli Bibliografici
Autore principale: Fabianová, Iveta
Natura: Capitolo di libro
Lingua:slovacco
Soggetti:
Tags: Aggiungi Tag
Nessun Tag, puoi essere il primo ad aggiungerne!!

MARC

LEADER 00000naa$a2200000$$$4500
001 0050564
005 20240502071600.4
041 0 |a slo 
044 |a SK 
245 1 0 |a Knowledge-based economy: a challenge for Slovakia  |c Iveta Fabianová 
520 |a Nový strategický cieľ pre Európsku úniu stanovený na zasadnutí Európskej rady v Lisabone v roku 2000. Dosiahnutie stanovených cieľov v oblasti vzdelávania a v oblasti vedy a techniky. Plnenie cieľov Lisabonskej stratégie v podmienkach Slovenskej republiky. Národná lisabonská stratégia. 
610 2 0 |a ekonomika vedomostná 
610 2 0 |a veda 
610 2 0 |a výskum 
610 2 0 |a vzdelávanie celoživotné 
610 2 0 |a Európska únia 
610 2 0 |a spolupráca intelektuálna 
610 2 0 |a spolupráca vedecká medzinárodná 
610 2 0 |a Lisabonská stratégia 
100 1 |a Fabianová, Iveta